Statistics for Quiz d'chés étots améritchains.

Click here to take the quiz!

General Stats

  • This quiz has been taken 9 times
  • The average score is 28 of 50

Answers on the Map

Answers color-coded by a green-red scale on the quiz's map according to % correct below.
 

Answer Stats

State% Correct
Alaska
89%
Arkansas
78%
Californie
78%
Connecticut
78%
Floride
78%
Indiana
78%
Kansas
78%
Louisiane
78%
Michigan
78%
Montana
78%
Nevada
78%
Rhode Island
78%
Texas
78%
Washington
78%
Wyoming
78%
Arizona
67%
Colorado
67%
Hawai
67%
Idaho
67%
Iowa
67%
Kentucky
67%
Maine
67%
Missouri
67%
Nebraska
67%
New Jersey
67%
New York
67%
Oregon
67%
Pennsylvanie
67%
Utah
67%
Illinois
56%
Maryland
56%
Massachusetts
56%
Minnesota
56%
Mississippi
56%
Ohio
56%
Tennessee
56%
Vermont
56%
Alabama
44%
Delaware
44%
Géorgie
44%
Wisconsin
44%
New Hampshire
33%
Oklahoma
33%
Dakota deuch Nord
11%
Dakota deuch Sud
11%
Karoline deuch Nord
11%
Karoline deuch Sud
11%
Nouvieu Mexik
0%
Virginia
0%
Virginie Occhidintale
0%

Score Distribution

Percentile by Number Answered

Percent of People with Each Score

Your Score History

You have not taken this quiz